000
00255nam a22001217a 4500
008
170228b xxu||||| |||| 00| 0 eng d
041
_a
eng
080
_a
616.8
100
_a
5
101
_a
SHM
245
_a
PITUITARY TUMORS
_c
ODELL.D.W
942
_2
udc
_c
BK
999
_c
6442
_d
6442